000
00336 a2200169 4500
001
175198
020
_a
85-16-02820-8
040
_c
Magnum
100
_a
Penteado, Paulo Cesar Martins
240
1
0
_a
Física
_l
por
245
1
0
_a
Física
300
_a
650
362
0
_a
2001
440
1
_a
Moderna
697
_a
FÍSICA
942
_c
BK
999
_c
175198
_d
175198